000 00870nam a22002297a 4500
005 20210416095446.0
008 210416b mx ||||| |||| 00| 0 spa d
020 _a9688429983
050 0 4 _aJF1358.S6
_bP76 2000
245 0 0 _aProblemas públicos y agenda de gobierno
_c / Charles D. Elder,...[et al.] ; Luis F. Aguilar Villanueva (estudio introductorio y edición)
250 _a3a ed.
260 _aMéxico :
_bMiguel Ángel Porrúa,
_c2000.
300 _a284 p. ;
_c23 cm.
490 0 _aAntologías de Política Pública ;
_v3.
650 7 _2lemb
_aAdministración pública
_xSolución de problemas
650 7 _2lemb
_aAdministración pública
_xToma de decisiones
700 1 _aElder, Charles D.,
_eautor
700 1 _aCobb, Roger W.,
_eautor
700 1 _aNelson, Barbara J.,
_eautor
700 1 _aAguilar Villanueva, Luis F.,
_eeditor
942 _2lcc
_cLIB
999 _c155481
_d155479